Vibrations, Waves and Differaction (Record no. 548180)
[ view plain ]
| 000 -LEADER | |
|---|---|
| fixed length control field | 00302nam a22001217a 4500 |
| 082 ## - DEWEY DECIMAL CLASSIFICATION NUMBER | |
| Classification number | 631.1133 |
| Author Mark | BRA |
| 100 ## - MAIN ENTRY--PERSONAL NAME | |
| Personal name | Braddick, H,J,J |
| 9 (RLIN) | 44368 |
| 245 ## - TITLE STATEMENT | |
| Title | Vibrations, Waves and Differaction |
| 300 ## - PHYSICAL DESCRIPTION | |
| Extent | illus |
| Other physical details | 217 |
| 526 ## - STUDY PROGRAM INFORMATION NOTE | |
| Program name | 0 |
| Interest level | 0 |
| Reading level | 0 |
| Title point value | 631_113300000000000_BRA |
| 650 ## - SUBJECT ADDED ENTRY--TOPICAL TERM | |
| Topical term or geographic name entry element | MCE |
| 9 (RLIN) | 379 |
| 942 ## - ADDED ENTRY ELEMENTS (KOHA) | |
| Source of classification or shelving scheme | |
| Koha item type | Book |
| Withdrawn status | Lost status | Source of classification or shelving scheme | Damaged status | Not for loan | Permanent Location | Current Location | Date acquired | Total Checkouts | Full call number | Barcode | Date last seen | Price effective from | Koha item type |
|---|---|---|---|---|---|---|---|---|---|---|---|---|---|
| Military College of Engineering (MCE) | Military College of Engineering (MCE) | 08/25/2014 | 631.1133 BRA | MCE-41926 | 08/25/2014 | 08/25/2014 | Book |
